Air pollution and the social sciences: formulating and implementing control programs (Record no. 10570)

MARC details
000 -LEADER
fixed length control field 00461nam a2200145Ia 4500
082 ## - DEWEY DECIMAL CLASSIFICATION NUMBER
Classification number 363.735 AIR;
245 #0 - TITLE STATEMENT
Title Air pollution and the social sciences: formulating and implementing control programs
260 ## - PUBLICATION, DISTRIBUTION, ETC. (IMPRINT)
Place of publication New York
Name of publisher Praeger Publishers
Year of publication 1971
300 ## - PHYSICAL DESCRIPTION
Number of Pages 270p.
650 ## - SUBJECT ADDED ENTRY--TOPICAL TERM
Topical Term Social sciences - Enviromental aspects
650 ## - SUBJECT ADDED ENTRY--TOPICAL TERM
Topical Term Pollution prevention
650 ## - SUBJECT ADDED ENTRY--TOPICAL TERM
Topical Term Air - Pollution - Enviromental aspects
700 ## - ADDED ENTRY--PERSONAL NAME
Personal name Downing, Paul B
942 ## - ADDED ENTRY ELEMENTS (KOHA)
Koha item type Books
Source of classification or shelving scheme Dewey Decimal Classification
Holdings
Withdrawn status Lost status Damaged status Not for loan Home library Current library Date acquired Full call number Accession Number Price effective from Koha item type
        NASSDOC Library NASSDOC Library 08/06/2004 363.735 AIR; 4453 18/04/2019 Books